000 00746nam a2200289Ia 4500
005 20260324115005.0
008 008 260324s9999 xx 000 0 eng d
020 _a9781003448501
037 _aEBOOK
040 _aCRL
040 _beng
040 _cCRL
041 _2eng
041 _aeng
084 _qCRL
100 _aDavid A. Farris; Walter H. Gmelch
_91152947
245 0 _aUnderstanding University Committees
245 0 _bHow to Manage and Participate Constructively in Institutional Governance
260 _bTaylor and Francis
260 _c2020
365 _a
365 _b230
856 _uhttp://www.taylorfrancis.com/books/9781003448501
942 _cEBOOK
999 _c1743479
_d1743479